| 000 | nam a22 7a 4500 | ||
|---|---|---|---|
| 999 |
_c232900 _d232900 |
||
| 003 | Nust | ||
| 005 | 20170224145410.0 | ||
| 008 | 170224b xxu||||| |||| 00| 0 eng d | ||
| 040 | _c0 | ||
| 082 | _a350 | ||
| 100 | _4Shriram Maheshwari | ||
| 245 |
_aAdministrative thinkers _cShriram Maheshwari |
||
| 250 | _a2nd edition | ||
| 260 |
_aDelhi _bMacmillan _c2011 |
||
| 300 | _a305p | ||
| 942 |
_2ddc _cBK |
||